[Event "CZE-chT1W 1920"]
[Site "Czech Republic"]
[Date "2020.01.19"]
[Round "6.1"]
[White "Suran, Jan"]
[Black "Rasik, Vitezslav"]
[Result "1/2-1/2"]
[WhiteElo "2396"]
[BlackElo "2470"]
[PlyCount "34"]
[EventDate "2019.10.20"]
[EventType "team-tourn"]
[EventRounds "11"]
[EventCountry "CZE"]
[SourceTitle "CBM 194 Extra"]
[Source "ChessBase"]
[SourceDate "2020.03.31"]
[SourceVersion "1"]
[SourceVersionDate "2020.03.31"]
[SourceQuality "1"]
[WhiteTeam "Lysa nad Labem III"]
[BlackTeam "Neratovice"]
[WhiteTeamCountry "CZE"]
[BlackTeamCountry "CZE"]

1. e4 d6 2. d4 g6 3. Nc3 Bg7 4. Be3 Nf6 5. Qd2 0-0 6. Bh6 c5 7. d5 Qa5 8. Bxg7 Kxg7 9. Nge2 Qb4 10. 0-0-0 Nxe4 11. Nxe4 Qxe4 12. h4 h5 13. Ng3 Qe5 14. Re1 Qf6 15. Ne4 Qd4 16. Qxd4+ cxd4 17. Rd1 Nd7 1/2-1/2

[Event "CZE-ch blitz"]
[Site "Prague"]
[Date "2019.12.21"]
[Round "15"]
[White "Laznicka, Viktor"]
[Black "Suran, Jan"]
[Result "1-0"]
[WhiteElo "2648"]
[BlackElo "2383"]
[PlyCount "81"]
[EventDate "2019.12.21"]
[EventType "swiss (blitz)"]
[EventRounds "15"]
[EventCountry "CZE"]
[SourceTitle "CBM 193 Extra"]
[Source "ChessBase"]
[SourceDate "2020.01.31"]
[SourceVersion "1"]
[SourceVersionDate "2020.01.31"]
[SourceQuality "1"]

1. d4 d5 2. Nf3 Nf6 3. c4 e6 4. Nc3 c5 5. e3 Nc6 6. cxd5 Nxd5 7. Bd3 Be7 8. 0-0 0-0 9. Nxd5 Qxd5 10. e4 Qh5 11. d5 exd5 12. exd5 Ne5 13. Nxe5 Qxe5 14. Re1 Qf6 15. Qc2 h6 16. Be3 b6 17. Bd2 Bd6 18. Bc3 Qh4 19. Be5 Bxe5 20. Rxe5 Qf6 21. Rae1 Bd7 22. Qc4 Rfe8 23. f4 g6 24. h3 Qh4 25. R1e2 Rxe5 26. fxe5 Qxc4 27. Bxc4 Re8 28. Kf2 Kg7 29. Kf3 b5 30. Bd3 Bc8 31. Bxb5 Re7 32. d6 Rb7 33. Bc6 Rb8 34. d7 Ba6 35. Rd2 Rd8 36. Ke4 Kf8 37. Kd5 c4 38. Kd6 Bc8 39. Rf2 Ba6 40. e6 f5 41. e7+ 1-0

[Event "CZE-ch blitz"]
[Site "Prague"]
[Date "2019.12.21"]
[Round "6"]
[White "Suran, Jan"]
[Black "Kociscak, Jiri"]
[Result "1-0"]
[WhiteElo "2383"]
[BlackElo "2507"]
[PlyCount "73"]
[EventDate "2019.12.21"]
[EventType "swiss (blitz)"]
[EventRounds "15"]
[EventCountry "CZE"]
[SourceTitle "CBM 193 Extra"]
[Source "ChessBase"]
[SourceDate "2020.01.31"]
[SourceVersion "1"]
[SourceVersionDate "2020.01.31"]
[SourceQuality "1"]

1. e4 e5 2. Nf3 Nc6 3. Bb5 a6 4. Ba4 Nf6 5. 0-0 Be7 6. Re1 b5 7. Bb3 0-0 8. a4 b4 9. d4 d6 10. dxe5 dxe5 11. Qxd8 Rxd8 12. Nbd2 Bc5 13. h3 Bb7 14. Nc4 Nd4 15. Nxd4 Bxd4 16. Bg5 Nxe4 17. Bxd8 Bxf2+ 18. Kf1 Bxe1 19. Bxc7 Bh4 20. Bxe5 Re8 21. Rd1 Rd8 22. Rxd8+ Bxd8 23. Nd6 Nxd6 24. Bxd6 a5 25. Be5 Kf8 26. Bc4 f6 27. Bd4 Bc7 28. c3 bxc3 29. Bxc3 Ke7 30. b4 axb4 31. Bxb4+ Bd6 32. Bxd6+ Kxd6 33. a5 Kc5 34. Be2 Kb4 35. a6 Bc6 36. a7 Ka5 37. Bf3 1-0

[Event "BL2-Nord 1920"]
[Site "Germany"]
[Date "2019.10.20"]
[Round "2.5"]
[White "Paul, Johannes"]
[Black "Suran, Jan"]
[Result "1-0"]
[WhiteElo "2364"]
[BlackElo "2396"]
[PlyCount "75"]
[EventDate "2019.10.19"]
[EventType "team-tourn"]
[EventRounds "9"]
[EventCountry "GER"]
[SourceTitle "CBM 194 Extra"]
[Source "ChessBase"]
[SourceDate "2020.03.31"]
[SourceVersion "1"]
[SourceVersionDate "2020.03.31"]
[SourceQuality "1"]
[WhiteTeam "Magdeburg"]
[BlackTeam "Berlin SF II"]
[WhiteTeamCountry "GER"]
[BlackTeamCountry "GER"]

1. d4 Nf6 2. c4 e6 3. Nc3 d5 4. cxd5 exd5 5. Bg5 c6 6. e3 h6 7. Bh4 Be6 8. Bd3 Nbd7 9. Nf3 Be7 10. Qc2 Nh5 11. Bxe7 Qxe7 12. 0-0 0-0 13. Ne5 Rfe8 14. Rae1 Nhf6 15. f4 Nf8 16. Qf2 Rad8 17. h3 N6h7 18. g4 f6 19. Nf3 Nd7 20. Qg3 Ndf8 21. h4 Qd7 22. g5 hxg5 23. hxg5 fxg5 24. Ne5 Qe7 25. f5 Bf7 26. Rf2 Rd6 27. e4 Rh6 28. Ng4 Rh4 29. e5 Bh5 30. Be2 Bxg4 31. Bxg4 Nf6 32. Be2 Ne4 33. Nxe4 Rxe4 34. Ref1 Rf4 35. Rxf4 gxf4 36. Rxf4 Nh7 37. f6 Qf7 38. Bh5 1-0

[Event "CZE-ch blitz"]
[Site "Prague"]
[Date "2018.12.22"]
[Round "5"]
[White "Zwardon, Vojtech"]
[Black "Suran, Jan"]
[Result "1-0"]
[WhiteElo "2462"]
[BlackElo "2409"]
[PlyCount "103"]
[EventDate "2018.12.22"]
[EventType "swiss (blitz)"]
[EventRounds "15"]
[EventCountry "CZE"]
[SourceTitle "CBM 187 Extra"]
[Source "ChessBase"]
[SourceDate "2018.11.04"]
[SourceVersion "1"]
[SourceVersionDate "2018.11.04"]
[SourceQuality "1"]

1. c4 e6 2. Nc3 d5 3. d4 Nf6 4. Bg5 Be7 5. cxd5 Nxd5 6. Bxe7 Qxe7 7. Nf3 0-0 8. g3 Nxc3 9. bxc3 b6 10. Bg2 Bb7 11. 0-0 c5 12. Qb1 Nc6 13. Rd1 Rfd8 14. h4 h6 15. a4 Rac8 16. Qb5 cxd4 17. cxd4 Rc7 18. Rac1 Nxd4 19. Nxd4 Rxc1 20. Rxc1 Bxg2 21. Kxg2 Rxd4 22. Rc8+ Rd8 23. Qc6 Rxc8 24. Qxc8+ Kh7 25. Qc2+ f5 26. Qc6 Kg6 27. e4 fxe4 28. Qxe4+ Kf7 29. h5 Qd6 30. Qb7+ Qe7 31. Qa8 Qd7 32. f3 Qxa4 33. Qb7+ Kf6 34. Qc7 Qa2+ 35. Kh3 Qd5 36. Qxa7 Qxh5+ 37. Kg2 Qc5 38. Qb8 Qc2+ 39. Kh3 Qf5+ 40. Kg2 Qc2+ 41. Kh3 Qf5+ 42. Kg2 b5 43. g4 Qc2+ 44. Kh3 Qd3 45. Kg3 Qd5 46. Qb6 Qe5+ 47. Kf2 Kg6 48. Kg2 Kh7 49. Kf2 Qd5 50. Kg3 Qc4 51. g5 hxg5 52. Qb7 1-0

[Event "BL2-Ost 1819"]
[Site "Germany"]
[Date "2018.12.15"]
[Round "3.2"]
[White "Petr, Martin"]
[Black "Suran, Jan"]
[Result "1-0"]
[WhiteElo "2448"]
[BlackElo "2409"]
[PlyCount "129"]
[EventDate "2018.11.10"]
[EventType "team-tourn"]
[EventRounds "10"]
[EventCountry "GER"]
[SourceTitle "CBM 190 Extra"]
[Source "ChessBase"]
[SourceDate "2019.07.15"]
[SourceVersion "1"]
[SourceVersionDate "2019.07.15"]
[SourceQuality "1"]
[WhiteTeam "Bindlach"]
[BlackTeam "Passau"]
[WhiteTeamCountry "GER"]
[BlackTeamCountry "GER"]

1. e4 g6 2. d4 Bg7 3. Nc3 d5 4. exd5 Nf6 5. Bb5+ Nbd7 6. Nf3 0-0 7. 0-0 Nb6 8. h3 Nbxd5 9. Nxd5 Qxd5 10. c4 Qd8 11. Bf4 Bd7 12. Bxd7 Qxd7 13. Qb3 c6 14. Rad1 e6 15. c5 Rfd8 16. Ne5 Qe7 17. Nc4 Ne8 18. Qe3 Rd5 19. Rd2 Rad8 20. Rfd1 R8d7 21. Be5 Qd8 22. Qe2 Bxe5 23. dxe5 Rxd2 24. Rxd2 Rxd2 25. Qxd2 Qxd2 26. Nxd2 Nc7 27. a3 b6 28. Ne4 Kf8 29. Nf6 bxc5 30. Nxh7+ Ke7 31. Nf6 Nd5 32. Ne4 c4 33. g3 Nb6 34. Nd2 f6 35. f4 fxe5 36. fxe5 g5 37. Kf2 Kf7 38. Kf3 Kg6 39. Kg4 a5 40. h4 gxh4 41. gxh4 a4 42. h5+ Kh6 43. Kh4 c3 44. bxc3 Nd5 45. Ne4 Ne3 46. Nc5 Nc4 47. Nxa4 Nxa3 48. Nc5 Nc4 49. Nxe6 Nxe5 50. Nd4 c5 51. Nf5+ Kh7 52. Kg5 Nd7 53. Nd6 Ne5 54. Nf5 Nd7 55. Ng3 c4 56. Ne4 Ne5 57. Nf6+ Kg7 58. h6+ Kf7 59. Kf5 Nf3 60. Ng4 Kg8 61. Ne5 Nh4+ 62. Kg5 Ng2 63. Nxc4 Kh7 64. Ne5 Ne3 65. c4 1-0

[Event "CZE-chT 1819"]
[Site "Czech Republic"]
[Date "2018.11.03"]
[Round "1.2"]
[White "Vesselovsky, Serguei"]
[Black "Suran, Jan"]
[Result "1-0"]
[WhiteElo "2328"]
[BlackElo "2420"]
[PlyCount "107"]
[EventDate "2018.11.03"]
[EventType "team-tourn"]
[EventRounds "11"]
[EventCountry "CZE"]
[SourceTitle "CBM 187 Extra"]
[Source "ChessBase"]
[SourceDate "2018.11.04"]
[SourceVersion "1"]
[SourceVersionDate "2018.11.04"]
[SourceQuality "1"]
[WhiteTeam "Frydek Mistek"]
[BlackTeam "Lysa nad Labem"]
[WhiteTeamCountry "CZE"]
[BlackTeamCountry "CZE"]

1. e4 c5 2. Nc3 Nc6 3. Nge2 e6 4. d4 cxd4 5. Nxd4 d6 6. Be3 Nf6 7. Bc4 Be7 8. Qe2 0-0 9. Bb3 a6 10. 0-0-0 Qe8 11. Rhg1 b5 12. g4 b4 13. Nxc6 Qxc6 14. Nd5 exd5 15. g5 Qc7 16. gxf6 Bxf6 17. Bxd5 Rb8 18. Bd4 Qe7 19. Qe3 Be6 20. Qg3 Bxd4 21. Rxd4 g6 22. f3 Rfc8 23. Rgd1 Qc7 24. R1d2 Bxd5 25. Rxd5 Qc4 26. Kb1 Rb6 27. Qf2 Qc7 28. Qd4 Rc6 29. Rxd6 a5 30. Rd8+ Rxd8 31. Qxd8+ Qxd8 32. Rxd8+ Kg7 33. Kc1 Kf6 34. Rd5 a4 35. Kd2 g5 36. Rb5 Rd6+ 37. Ke2 Rc6 38. Kd2 Rd6+ 39. Ke2 Rc6 40. Kd3 Rd6+ 41. Rd5 Rc6 42. Rf5+ Kg6 43. Ra5 Rd6+ 44. Ke3 Rc6 45. Rxa4 Rxc2 46. Rxb4 Rxh2 47. a4 Rh1 48. Rb3 Ra1 49. Ra3 Rb1 50. Ra2 h5 51. a5 h4 52. Kf2 g4 53. fxg4 h3 54. Kg3 1-0

[Event "Oberliga Bayern 1718"]
[Site "Bayern"]
[Date "2018.03.18"]
[Round "8.1"]
[White "Suran, Jan"]
[Black "Zajogin, Alexander"]
[Result "0-1"]
[WhiteElo "2412"]
[BlackElo "2409"]
[PlyCount "104"]
[EventDate "2017.10.22"]
[EventType "team-tourn"]
[EventRounds "9"]
[EventCountry "GER"]
[SourceTitle "EXT 2020"]
[Source "ChessBase"]
[SourceDate "2019.10.17"]
[SourceVersion "1"]
[SourceVersionDate "2019.10.17"]
[SourceQuality "1"]
[WhiteTeam "Passau"]
[BlackTeam "Bayern Muenchen II"]
[WhiteTeamCountry "GER"]
[BlackTeamCountry "GER"]

1. e4 e5 2. Nf3 Nc6 3. Bb5 Nf6 4. d3 Bc5 5. c3 d6 6. Nbd2 0-0 7. 0-0 Ne7 8. d4 exd4 9. cxd4 Bb6 10. Re1 c6 11. Bd3 Ng6 12. h3 d5 13. e5 Nh5 14. Nf1 Nhf4 15. Bxg6 fxg6 16. Ng3 Be6 17. a4 h6 18. Ra3 Qd7 19. a5 Bd8 20. Ne2 Nxg2 21. Kxg2 Bxh3+ 22. Kh2 Bg4 23. Ng3 Bxa5 24. Ree3 Bb6 25. e6 Qe7 26. Qe1 Bxf3 27. Rxf3 Bxd4 28. Kg2 Rxf3 29. Rxf3 Re8 30. Rf7 Qxe6 31. Qxe6 Rxe6 32. Rxb7 Re1 33. Bd2 Rb1 34. Be3 Rxb2 35. Rxb2 Bxb2 36. Bxa7 Kf7 37. Ne2 Ke6 38. Kf3 Kd6 39. Nf4 g5 40. Nd3 Bf6 41. Bb8+ Ke6 42. Ke3 Bc3 43. f3 Kf5 44. Bd6 g4 45. fxg4+ Kxg4 46. Be5 Bxe5 47. Nxe5+ Kg3 48. Nxc6 h5 49. Ne7 h4 50. Nf5+ Kg4 51. Nxg7 d4+ 52. Kxd4 h3 0-1

[Event "CZE-chT1W 1718"]
[Site "Czech Republic"]
[Date "2018.01.07"]
[Round "5.1"]
[White "Cerveny, Martin"]
[Black "Suran, Jan"]
[Result "1-0"]
[WhiteElo "2387"]
[BlackElo "2412"]
[PlyCount "131"]
[EventDate "2017.10.29"]
[EventType "team-tourn"]
[EventRounds "11"]
[EventCountry "CZE"]
[SourceTitle "EXT 2019"]
[Source "ChessBase"]
[SourceDate "2018.10.10"]
[SourceVersion "1"]
[SourceVersionDate "2018.10.10"]
[SourceQuality "1"]
[WhiteTeam "Polabiny II"]
[BlackTeam "Vysehrad"]
[WhiteTeamCountry "CZE"]
[BlackTeamCountry "CZE"]

1. d4 Nf6 2. Nf3 g6 3. Bf4 Bg7 4. h3 d6 5. Nbd2 0-0 6. e4 c5 7. dxc5 dxc5 8. c3 Nc6 9. Be2 Be6 10. 0-0 h6 11. Qc2 Qc8 12. Bh2 b6 13. Rfe1 Qb7 14. Bc4 Bxc4 15. Nxc4 e6 16. Nd6 Qe7 17. Qa4 Na5 18. Rad1 Rfd8 19. e5 Ne8 20. Qe4 Qc7 21. Qh4 Nc6 22. g4 Qe7 23. g5 h5 24. Ne4 Rxd1 25. Rxd1 Rd8 26. Re1 Rd3 27. Nf6+ Bxf6 28. gxf6 Qd8 29. Qf4 Rd1 30. Rxd1 Qxd1+ 31. Kg2 Qd5 32. Bg3 Nb8 33. Kh2 Nd7 34. c4 Qd3 35. Kg2 Nf8 36. b3 Nh7 37. h4 Nf8 38. Ne1 Qe2 39. Nf3 Qd3 40. Qc1 a5 41. Qe1 Nd7 42. Ng5 Nf8 43. Ne4 Nd7 44. Nc3 Qd4 45. Nb5 Qd3 46. Kh2 g5 47. Qc1 gxh4 48. Qg5+ Qg6 49. Qxh4 Qf5 50. Qf4 Qxf4 51. Bxf4 Kh7 52. Na7 Kg6 53. Kg3 h4+ 54. Kg4 Nc7 55. Nc6 Na6 56. a3 Ndb8 57. Ne7+ Kh7 58. Kxh4 Nc7 59. Kg5 Nd7 60. Nc6 Kg8 61. Bd2 Kf8 62. f4 Ke8 63. Kh6 Na6 64. Kg7 Nc7 65. Na7 Nb8 66. Nc8 1-0

[Event "CZE-chT 1718"]
[Site "Czech Republic"]
[Date "2017.11.19"]
[Round "2.3"]
[White "Suran, Jan"]
[Black "Blatny, Pavel"]
[Result "1-0"]
[WhiteElo "2412"]
[BlackElo "2337"]
[PlyCount "189"]
[EventDate "2017.11.18"]
[EventType "team-tourn"]
[EventRounds "11"]
[EventCountry "CZE"]
[SourceTitle "CBM 181 Extra"]
[Source "ChessBase"]
[SourceDate "2017.12.12"]
[SourceVersion "1"]
[SourceVersionDate "2017.12.12"]
[SourceQuality "1"]
[WhiteTeam "Lysa nad Labem II"]
[BlackTeam "Brno Moravska Slavia"]
[WhiteTeamCountry "CZE"]
[BlackTeamCountry "CZE"]

1. e4 b6 2. d4 Bb7 3. Bd3 e6 4. Nf3 d6 5. c4 Nd7 6. Nc3 g6 7. 0-0 Bg7 8. Be3 Ne7 9. Qd2 h6 10. b4 a6 11. Bc2 Kf8 12. d5 e5 13. c5 Bc8 14. Ne1 Kg8 15. a4 f5 16. exf5 gxf5 17. f4 e4 18. Bb3 Kh7 19. c6 Nf6 20. Nc2 Rg8 21. Bd4 Ng6 22. Ne3 Nh4 23. Kh1 h5 24. h3 Ng6 25. Rf2 Rh8 26. Kg1 Kg8 27. Ne2 Kf7 28. Ra3 Rh7 29. Kf1 Bh6 30. Ke1 h4 31. Nf1 Nh5 32. Be3 Qg8 33. Kd1 Kf8 34. Kc2 Rg7 35. Ra1 Ne7 36. Nc3 Rg6 37. Rd1 Bg7 38. Qe2 Qh8 39. Qd2 Bf6 40. Bd4 Qg7 41. Bxf6 Qxf6 42. Qd4 Qxd4 43. Rxd4 Kg7 44. Ne2 Kh6 45. Rd1 Rg7 46. Kc3 Ng8 47. Kd4 Ngf6 48. Ne3 Ng8 49. Rg1 Ng3 50. Nf1 e3 51. Kxe3 Re7+ 52. Kd3 Ne4 53. Rf3 a5 54. b5 Nc5+ 55. Kd2 Nf6 56. Ba2 Re4 57. Nc3 Rd4+ 58. Kc2 Nxa4 59. Ne3 Ne4 60. Nxa4 Rxa4 61. Bc4 Rb4 62. Ra1 a4 63. Ra3 Ra5 64. Rf1 Rxc4+ 65. Nxc4 Rxb5 66. Rxa4 Rxd5 67. Ra8 Be6 68. Re8 Bf7 69. Re7 Kg6 70. Ne3 Rc5+ 71. Kb2 Rxc6 72. Nxf5 Nd2 73. Nxh4+ Kf6 74. Rfe1 Rc4 75. R7e2 Rd4 76. Kc3 Nb3 77. Re4 Rd2 78. Rb4 Rf2 79. Rxb3 Bxb3 80. Kxb3 Rxf4 81. Nf3 c5 82. Kc3 b5 83. Nd2 Rd4 84. Re4 Rd5 85. g4 Rg5 86. h4 Rg8 87. Nf3 d5 88. Rf4+ Ke7 89. h5 b4+ 90. Kb3 Ra8 91. h6 Ra3+ 92. Kb2 c4 93. h7 Ra8 94. g5 Rc8 95. Nd4 1-0

[Event "CZE-chT1W 1617"]
[Site "Czech Republic"]
[Date "2017.04.09"]
[Round "11.4"]
[White "Suran, Jan"]
[Black "Petrova, Kristyna"]
[Result "1-0"]
[WhiteElo "2421"]
[BlackElo "2287"]
[PlyCount "91"]
[EventDate "2016.10.16"]
[EventType "team-tourn"]
[EventRounds "11"]
[EventCountry "CZE"]
[SourceTitle "CBM 177 Extra"]
[Source "ChessBase"]
[SourceDate "2017.04.27"]
[SourceVersion "1"]
[SourceVersionDate "2017.04.27"]
[SourceQuality "1"]
[WhiteTeam "Vysehrad"]
[BlackTeam "Hradec Kralove Slavia"]
[WhiteTeamCountry "CZE"]
[BlackTeamCountry "CZE"]

1. c4 g6 2. Nc3 c5 3. Nf3 Bg7 4. d4 cxd4 5. Nxd4 Nc6 6. Nb3 d6 7. e4 Nf6 8. Be2 0-0 9. 0-0 a5 10. Be3 a4 11. Nd2 a3 12. b3 Nd7 13. Rc1 Nc5 14. f3 Ne6 15. Re1 Bd4 16. Bxd4 Nexd4 17. Bd3 Qa5 18. Nf1 Qg5 19. Ne3 e6 20. Nc2 Bd7 21. Nxd4 Nxd4 22. Rf1 e5 23. Ne2 Qe3+ 24. Kh1 Bc6 25. Nxd4 Qxd4 26. Bb1 Qc5 27. Qd2 Rfd8 28. Rc3 Bd7 29. Rd1 Be6 30. Rd3 Ra6 31. Qg5 Rd7 32. f4 h6 33. Qxh6 exf4 34. Qxf4 Kg7 35. h3 Rc6 36. Qg3 b5 37. cxb5 Qxb5 38. Kh2 Qc5 39. e5 d5 40. Rd4 Qe7 41. Rf1 Rdc7 42. Rf6 Qe8 43. Qg5 Bc8 44. Rh4 Kg8 45. e6 Rxe6 46. Qh6 1-0

[Event "CZE-chT 1617"]
[Site "Czech Republic"]
[Date "2017.01.28"]
[Round "5.3"]
[White "Suran, Jan"]
[Black "Socko, Bartosz"]
[Result "1/2-1/2"]
[WhiteElo "2421"]
[BlackElo "2604"]
[PlyCount "92"]
[EventDate "2016.10.08"]
[EventType "team-tourn"]
[EventRounds "11"]
[EventCountry "CZE"]
[SourceTitle "CBM 177 Extra"]
[Source "ChessBase"]
[SourceDate "2017.04.27"]
[SourceVersion "1"]
[SourceVersionDate "2017.04.27"]
[SourceQuality "1"]
[WhiteTeam "Lysa nad Labem II"]
[BlackTeam "Jicin"]
[WhiteTeamCountry "CZE"]
[BlackTeamCountry "CZE"]

1. e4 c5 2. Nf3 e6 3. d4 cxd4 4. Nxd4 Nc6 5. Nc3 a6 6. Be2 d6 7. 0-0 Nf6 8. f4 Be7 9. Nxc6 bxc6 10. e5 dxe5 11. fxe5 Qxd1 12. Rxd1 Nd7 13. Bf4 Rb8 14. b3 Rb4 15. Bc4 g5 16. Bg3 h5 17. Ne4 h4 18. Be1 Rb8 19. Bc3 Nb6 20. Nd6+ Bxd6 21. exd6 Rg8 22. Bd3 f5 23. Be5 Nd7 24. Bb2 c5 25. Re1 Kf7 26. Rxe6 Kxe6 27. Bc4+ Kxd6 28. Bxg8 Bb7 29. Rd1+ Ke7 30. Bd5 Bxd5 31. Rxd5 Ke6 32. c4 a5 33. Bc1 a4 34. Bxg5 axb3 35. axb3 Rxb3 36. Bxh4 Rc3 37. Bg3 Rxc4 38. Rd6+ Ke7 39. Rc6 f4 40. Bh4+ Kf7 41. Bg5 Rc1+ 42. Kf2 Rc2+ 43. Kf1 Rc1+ 44. Ke2 Rc2+ 45. Kf1 Rc1+ 46. Ke2 Rc2+ 1/2-1/2

[Event "CZE-ch blitz"]
[Site "Prague"]
[Date "2016.12.17"]
[Round "10"]
[White "Suran, Jan"]
[Black "Hracek, Zbynek"]
[Result "1-0"]
[WhiteElo "2425"]
[BlackElo "2608"]
[PlyCount "81"]
[EventDate "2016.12.17"]
[EventType "swiss (blitz)"]
[EventRounds "15"]
[EventCountry "CZE"]
[SourceTitle "CBM 176 Extra"]
[Source "ChessBase"]
[SourceDate "2017.03.02"]
[SourceVersion "1"]
[SourceVersionDate "2017.03.02"]
[SourceQuality "1"]

1. e4 c5 2. Nf3 d6 3. d4 cxd4 4. Nxd4 Nf6 5. Nc3 a6 6. Be2 e5 7. Nb3 Be7 8. Bg5 Be6 9. Bxf6 Bxf6 10. Qd3 Nc6 11. 0-0-0 Nb4 12. Qxd6 Qxd6 13. Rxd6 Rc8 14. Kb1 Be7 15. Rdd1 0-0 16. a3 Nc6 17. Nd5 Bg5 18. h4 Bd8 19. Nc5 Nd4 20. Nxe6 fxe6 21. Bg4 Rxc2 22. Bxe6+ Kh8 23. Rxd4 Rfxf2 24. Rb4 b5 25. Rc1 Rxc1+ 26. Kxc1 Bxh4 27. a4 Bg5+ 28. Kb1 Rxg2 29. axb5 axb5 30. Rxb5 h5 31. Bf5 g6 32. Bxg6 h4 33. Bf5 Rg3 34. Rb8+ Kg7 35. Rb7+ Kg8 36. Be6+ Kf8 37. Rh7 Rg1+ 38. Ka2 Re1 39. Rh5 Bd2 40. Rxh4 Ba5 41. Rg4 1-0

[Event "CZE-chT 1617"]
[Site "Czech Republic"]
[Date "2016.12.10"]
[Round "3.5"]
[White "Suran, Jan"]
[Black "Roubalik, Jakub"]
[Result "1/2-1/2"]
[WhiteElo "2421"]
[BlackElo "2400"]
[PlyCount "117"]
[EventDate "2016.10.08"]
[EventType "team-tourn"]
[EventRounds "11"]
[EventCountry "CZE"]
[SourceTitle "CBM 177 Extra"]
[Source "ChessBase"]
[SourceDate "2017.04.27"]
[SourceVersion "1"]
[SourceVersionDate "2017.04.27"]
[SourceQuality "1"]
[WhiteTeam "Lysa nad Labem II"]
[BlackTeam "Brno Duras"]
[WhiteTeamCountry "CZE"]
[BlackTeamCountry "CZE"]

1. e4 c5 2. Nf3 Nc6 3. Bb5 g6 4. 0-0 Bg7 5. c3 Nf6 6. Re1 0-0 7. h3 d5 8. e5 Ne8 9. d4 cxd4 10. Bxc6 bxc6 11. cxd4 Nc7 12. Nc3 Ne6 13. Be3 f5 14. exf6 exf6 15. Qd2 Qa5 16. Bh6 Bxh6 17. Qxh6 Bd7 18. Re2 Rae8 19. Rae1 Qb4 20. Qd2 g5 21. g3 Qd6 22. Kg2 Ng7 23. Rxe8 Rxe8 24. Rxe8+ Bxe8 25. h4 h6 26. hxg5 hxg5 27. Nh2 Bg6 28. Ng4 Qe6 29. Qe2 Qxe2 30. Nxe2 Kf7 31. f3 Ne6 32. Kf2 Bd3 33. Nc3 Ke7 34. Ke3 Bf5 35. Nf2 Kd6 36. b4 Ng7 37. Nh1 Bg6 38. g4 f5 39. Nf2 Ne6 40. gxf5 Bxf5 41. Ne2 Kc7 42. Nd1 Kb6 43. Ndc3 a5 44. bxa5+ Kxa5 45. a3 Bc2 46. Nc1 Kb6 47. N1a2 Ng7 48. Kd2 Bb3 49. Nc1 Bc4 50. Na4+ Kb5 51. Nc5 Nf5 52. Ne6 Ka4 53. Nd3 Bxd3 54. Kxd3 Kxa3 55. Nxg5 Kb4 56. Ne6 Kb5 57. Nc5 Kb6 58. Nd7+ Kc7 59. Ne5 1/2-1/2

[Event "CZE-chT1W 1617"]
[Site "Czech Republic"]
[Date "2016.11.06"]
[Round "2.5"]
[White "Suran, Jan"]
[Black "Pulpan, Jakub"]
[Result "1-0"]
[WhiteElo "2421"]
[BlackElo "2382"]
[PlyCount "31"]
[EventDate "2016.10.16"]
[EventType "team-tourn"]
[EventRounds "11"]
[EventCountry "CZE"]
[SourceTitle "CBM 175 Extra"]
[Source "ChessBase"]
[SourceDate "2016.12.12"]
[SourceVersion "1"]
[SourceVersionDate "2016.12.12"]
[SourceQuality "1"]
[WhiteTeam "Vysehrad"]
[BlackTeam "Polabiny"]
[WhiteTeamCountry "CZE"]
[BlackTeamCountry "CZE"]

1. e4 c5 2. Nf3 d6 3. d4 cxd4 4. Nxd4 Nf6 5. Nc3 a6 6. Bd3 e5 7. Nde2 b5 8. 0-0 Be7 9. Be3 Nbd7 10. b4 Bb7 11. a4 bxa4 12. Ng3 Rc8 13. Nxa4 d5 14. Nf5 0-0 15. exd5 e4 16. d6 1-0

[Event "BL2-Ost 1617"]
[Site "Germany"]
[Date "2016.10.14"]
[Round "6.2"]
[White "Suran, Jan"]
[Black "Hilverda, Alexander"]
[Result "1/2-1/2"]
[WhiteElo "2421"]
[BlackElo "2392"]
[PlyCount "163"]
[EventDate "2016.10.14"]
[EventType "team-tourn"]
[EventRounds "10"]
[EventCountry "GER"]
[SourceTitle "CBM 177 Extra"]
[Source "ChessBase"]
[SourceDate "2017.04.27"]
[SourceVersion "1"]
[SourceVersionDate "2017.04.27"]
[SourceQuality "1"]
[WhiteTeam "Passau"]
[BlackTeam "Erlangen"]
[WhiteTeamCountry "GER"]
[BlackTeamCountry "GER"]

1. e4 e5 2. Nf3 Nc6 3. Bb5 a6 4. Ba4 Nf6 5. 0-0 Be7 6. Re1 b5 7. Bb3 d6 8. c3 0-0 9. a4 Bg4 10. h3 Bxf3 11. Qxf3 Na5 12. Ba2 b4 13. cxb4 Nc6 14. Qc3 Qd7 15. Na3 d5 16. b5 Nd4 17. d3 a5 18. Bg5 Bb4 19. Qc1 Bxe1 20. Qxe1 dxe4 21. Bxf6 gxf6 22. dxe4 c6 23. bxc6 Nxc6 24. Bd5 Rab8 25. Nb5 Nd4 26. Qxa5 Nxb5 27. axb5 Qxb5 28. Qxb5 Rxb5 29. b3 h5 30. h4 Kg7 31. Ra7 f5 32. Bc4 Rb6 33. exf5 Rf6 34. Bd3 Rd8 35. Be4 Rd4 36. f3 Rb6 37. Ra2 Rxb3 38. Kf2 Rdb4 39. g3 Rb2+ 40. Rxb2 Rxb2+ 41. Kf1 Kf6 42. Kg1 Rb4 43. Kg2 Ke7 44. Bd5 Rd4 45. Bc6 Rd6 46. Be4 Rd2+ 47. Kh3 Re2 48. Bd5 Rd2 49. Be4 Rd4 50. Bc6 Rc4 51. Bd5 Rc5 52. Be4 Rc3 53. Bd5 Ke8 54. Be4 Kd7 55. Bd5 Ke7 56. Be4 Kd6 57. g4 hxg4+ 58. Kxg4 f6 59. Kh5 Ke7 60. Kg6 Rc1 61. h5 Rg1+ 62. Kh7 Rg3 63. h6 Kd6 64. Kh8 Kc5 65. h7 Kd4 66. Bc6 Ke3 67. Be8 Kxf3 68. Bg6 e4 69. Kg7 Rh3 70. h8Q Rxh8 71. Kxh8 Kg4 72. Kg7 e3 73. Kh6 Kf4 74. Bh5 Kxf5 75. Be2 Kf4 76. Kh5 f5 77. Kh4 Ke5 78. Kg3 Ke4 79. Bf3+ Kd3 80. Kf4 e2 81. Bxe2+ Kxe2 82. Kxf5 1/2-1/2

[Event "CZE-chT 1617"]
[Site "Czech Republic"]
[Date "2016.10.09"]
[Round "2.2"]
[White "Suran, Jan"]
[Black "Rasik, Vitezslav"]
[Result "1/2-1/2"]
[WhiteElo "2421"]
[BlackElo "2445"]
[PlyCount "30"]
[EventDate "2016.10.08"]
[EventType "team-tourn"]
[EventRounds "11"]
[EventCountry "CZE"]
[SourceTitle "EXT 2017"]
[Source "ChessBase"]
[SourceDate "2016.10.25"]
[SourceVersion "1"]
[SourceVersionDate "2016.10.25"]
[SourceQuality "1"]
[WhiteTeam "Lysa nad Labem II"]
[BlackTeam "Ostrava Labortech"]
[WhiteTeamCountry "CZE"]
[BlackTeamCountry "CZE"]

1. e4 d6 2. d4 g6 3. Nc3 Bg7 4. Be3 Nf6 5. Qd2 0-0 6. Nf3 e5 7. dxe5 dxe5 8. Qxd8 Rxd8 9. Bc4 Nc6 10. 0-0 h6 11. h3 a6 12. Rad1 Ne8 13. Rxd8 Nxd8 14. Rd1 Be6 15. Bxe6 Nxe6 1/2-1/2

[Event "Prague Menchik Memorial rapid"]
[Site "Prague"]
[Date "2016.09.18"]
[Round "9"]
[White "Suran, Jan"]
[Black "Miturova, Magdalena"]
[Result "1/2-1/2"]
[WhiteElo "2421"]
[BlackElo "2208"]
[PlyCount "110"]
[EventDate "2016.09.18"]
[EventType "swiss (rapid)"]
[EventRounds "9"]
[EventCountry "CZE"]
[SourceTitle "CBM 174 Extra"]
[Source "ChessBase"]
[SourceDate "2016.10.10"]
[SourceVersion "1"]
[SourceVersionDate "2016.10.10"]
[SourceQuality "1"]

1. e4 e5 2. Nf3 Nc6 3. Bb5 a6 4. Ba4 Nf6 5. 0-0 Be7 6. Re1 b5 7. Bb3 d6 8. c3 0-0 9. d4 Bg4 10. Be3 exd4 11. cxd4 Na5 12. Bc2 c5 13. h3 Bh5 14. Nbd2 cxd4 15. Bxd4 Nc6 16. Be3 d5 17. exd5 Nxd5 18. Qb1 Bg6 19. Bxg6 hxg6 20. Ne4 Nxe3 21. Rxe3 Rc8 22. a3 Nd4 23. Nxd4 Qxd4 24. Nc3 Bc5 25. Qe1 Qd7 26. Rd1 Qc6 27. Nd5 Rfe8 28. Re2 Rxe2 29. Qxe2 Re8 30. Qf3 Qa8 31. g3 Qa7 32. Kg2 Bd4 33. Rd2 Bc5 34. h4 Re5 35. Nf4 Bb6 36. Qc6 Qc7 37. Qxc7 Bxc7 38. Rd7 Rc5 39. b4 Rc2 40. Nd5 Be5 41. Kf3 Ra2 42. Ke4 Re2+ 43. Kf3 Ra2 44. Ke4 Re2+ 45. Kf3 Ra2 46. Ke4 Re2+ 47. Kf3 Ra2 48. Ke4 Re2+ 49. Kf3 Ra2 50. Ke4 Re2+ 51. Ne3 Bb2 52. Rd3 Rxf2 53. Nd1 Re2+ 54. Ne3 Rf2 55. Nd1 Re2+ 1/2-1/2